00579nam a22001817a 450000500170000000800410001702000230005804000190008104100120010008200150011210000270012724501220015426000350027630000200031165000270033170000290035885000100038720140519110101.0140519b xxu||||| |||| 00| 0 eng d a9780770436544c199 aLoreto College aEnglish a658.4bLUN aLundin, Stephend1941- aUbuntubAn inspiring story about an Afruican tradition of teamwork and collaborationcStephen C Lundin and Bob Nelson aNew YorkbBroadway Booksc2010 avii,132pb20 cm aTeams in the workplace 4AuthaBob, Nelsond1956- aLCLIB